[Event "Vandoeuvre op 16th"]
[Site "Vandoeuvre"]
[Date "2019.12.30"]
[Round "9"]
[White "Poplavsky, Alexandre"]
[Black "Kizil, Yilmaz"]
[Result "0-1"]
[WhiteElo "1763"]
[BlackElo "1833"]
[PlyCount "102"]
[EventDate "2019.12.26"]
[EventType "swiss"]
[EventRounds "9"]
[EventCountry "FRA"]
[SourceTitle "CBM 194 Extra"]
[Source "ChessBase"]
[SourceDate "2020.03.31"]
[SourceVersion "1"]
[SourceVersionDate "2020.03.31"]
[SourceQuality "1"]

1. e4 e5 2. Bc4 Nf6 3. d3 Nc6 4. Nf3 Be7 5. c3 d6 6. h3 Na5 7. Nbd2 Nxc4 8. Nxc4 h6 9. Ne3 Nh7 10. g4 Ng5 11. Ng1 Ne6 12. Nf5 Bf6 13. Ne2 d5 14. Be3 c5 15. exd5 Qxd5 16. Nfg3 Ng5 17. Qa4+ Bd7 18. Qb3 Nf3+ 19. Kf1 Qc6 20. Ne4 Be7 21. N2g3 g6 22. Qd1 Nh4 23. Rg1 0-0-0 24. b4 f5 25. Bxc5 Bxc5 26. Nxc5 Nf3 27. Nxd7 Rxd7 28. b5 Qd5 29. c4 Qxd3+ 30. Qxd3 Rxd3 31. Ke2 Nxg1+ 32. Kxd3 Rd8+ 33. Kc2 Nxh3 34. gxf5 gxf5 35. Nxf5 Nxf2 36. Nxh6 e4 37. Nf5 Rf8 38. Ne3 Rf3 39. Kd2 Kc7 40. Rf1 Nh3 41. c5 Nf4 42. Rxf3 exf3 43. Nd1 Ne6 44. Ke3 Nxc5 45. Kxf3 Kb6 46. Nc3 Ka5 47. Ke3 Na4 48. Kd4 Nxc3 49. Kxc3 Kxb5 50. Kb3 a6 51. Kb2 Kb4 0-1

[Event "Vandoeuvre op 16th"]
[Site "Vandoeuvre"]
[Date "2019.12.29"]
[Round "7"]
[White "Abbassi, Zeyneb"]
[Black "Poplavsky, Alexandre"]
[Result "1-0"]
[WhiteElo "1903"]
[BlackElo "1763"]
[PlyCount "53"]
[EventDate "2019.12.26"]
[EventType "swiss"]
[EventRounds "9"]
[EventCountry "FRA"]
[SourceTitle "CBM 194 Extra"]
[Source "ChessBase"]
[SourceDate "2020.03.31"]
[SourceVersion "1"]
[SourceVersionDate "2020.03.31"]
[SourceQuality "1"]

1. d4 Nf6 2. Bf4 d5 3. e3 c5 4. c3 Nc6 5. Nd2 e6 6. Ngf3 Bd6 7. Bg3 b6 8. Ne5 Qc7 9. f4 c4 10. Be2 Bb7 11. Bf3 0-0-0 12. Qe2 Ng8 13. e4 Na5 14. Bg4 dxe4 15. Nxe4 Bxe5 16. fxe5 Bxe4 17. Qxe4 Ne7 18. Bh4 Rhe8 19. 0-0 h5 20. Bxh5 g6 21. Bg4 Nf5 22. Bxd8 Rxd8 23. Rad1 Nc6 24. b3 b5 25. bxc4 bxc4 26. Rb1 Rd5 27. Bxf5 1-0

[Event "Vandoeuvre op 16th"]
[Site "Vandoeuvre"]
[Date "2019.12.27"]
[Round "4"]
[White "Poplavsky, Alexandre"]
[Black "Lebrun, Elias"]
[Result "1/2-1/2"]
[WhiteElo "1763"]
[BlackElo "1838"]
[PlyCount "179"]
[EventDate "2019.12.26"]
[EventType "swiss"]
[EventRounds "9"]
[EventCountry "FRA"]
[SourceTitle "CBM 194 Extra"]
[Source "ChessBase"]
[SourceDate "2020.03.31"]
[SourceVersion "1"]
[SourceVersionDate "2020.03.31"]
[SourceQuality "1"]

1. d4 Nf6 2. Bf4 e6 3. Nd2 c5 4. e3 Nc6 5. c3 d5 6. Ngf3 Bd6 7. Bg3 cxd4 8. exd4 Qc7 9. Bd3 0-0 10. Qe2 e5 11. dxe5 Re8 12. 0-0 Nxe5 13. Nxe5 Bxe5 14. Rfe1 Bg4 15. Bxe5 Bxe2 16. Bxh7+ Kxh7 17. Bxc7 Re7 18. Bf4 b6 19. Be3 Bd3 20. Bg5 Rae8 21. Nf3 Kg6 22. Rxe7 Rxe7 23. Bxf6 Kxf6 24. Nd4 b5 25. f3 b4 26. Nc6 bxc3 27. bxc3 Rc7 28. Nb4 Bc4 29. Rd1 Ke6 30. Rd2 Kd6 31. Kf2 a5 32. Nd3 Bb5 33. Nf4 Rc5 34. Rc2 g5 35. Ne2 Bd3 36. Rc1 Rc4 37. Ke3 Bg6 38. Nd4 Ra4 39. Ra1 Kc5 40. a3 Kc4 41. Kd2 Bh7 42. g3 Bg6 43. f4 gxf4 44. gxf4 Be4 45. f5 Kc5 46. h4 Kd6 47. h5 Ke5 48. h6 Kf6 49. Ra2 Rc4 50. Rb2 Bxf5 51. Rb6+ Be6 52. Kc2 Rc8 53. Nxe6 fxe6 54. h7 Rh8 55. Rb7 e5 56. Kd3 Rc8 57. Rc7 Rd8 58. Rd7 Rh8 59. Rxd5 Rxh7 60. Rxa5 Ke6 61. Ra6+ Kf5 62. Ra8 Rd7+ 63. Ke3 Rc7 64. Rf8+ Ke6 65. Kd3 Ra7 66. Re8+ Kd6 67. Rd8+ Ke7 68. Rd5 Ke6 69. c4 Rxa3+ 70. Ke4 Rc3 71. Rxe5+ Kd6 72. Rd5+ Kc6 73. Kd4 Rc1 74. Rh5 Rd1+ 75. Kc3 Rc1+ 76. Kd3 Kb6 77. Rb5+ Kc6 78. Rb3 Rh1 79. Rc3 Rh3+ 80. Kd4 Rxc3 81. Kxc3 Kc5 82. Kb3 Kc6 83. Kc3 Kc5 84. Kb3 Kc6 85. Kb4 Kb6 86. c5+ Kc6 87. Kc4 Kc7 88. Kb5 Kb7 89. Kb4 Kc6 90. Kc4 1/2-1/2